La scelta di Rudi /

Gespeichert in:
Bibliographische Detailangaben
1. Verfasser: Dargent, Françoise (Verfasst von)
Weitere Verfasser: Turla, Claudine (Übersetzung)
Format: Buch
Sprache:Italienisch
Veröffentlicht: Torino : EDT, 2018
Schriftenreihe:Giralangolo
Schlagworte:
Tags: Tag hinzufügen
Keine Tags, Fügen Sie das erste Tag hinzu!

MARC

LEADER 00000nam a22000007i 4500
001 IT\ICCU\LO1\1710834
003 ItRI
005 20260115232117.0
008 180601s2018 it |||||| |||||1|||||c
020 |a 9788859246954 
040 |b ita  |c importazione bologna sebina 
041 7 |a ita  |2 ISO-639-2 
082 |a 843.92  |9 NARRATIVA FRANCESE, 2000-  |2 21 
100 1 |a Dargent, Françoise  |0 IT\ICCU\LO1V\457816  |4 aut 
240 1 3 |a Le choix de Rudi  |3 IT\ICCU\LO1\1710837  |9 Dargent, Françoise 
245 1 3 |a La scelta di Rudi /  |c Françoise Dargent ; traduzione dal francese di Claudine Turla. 
260 |a Torino :  |b EDT,  |c 2018 
300 |a 325 p. ;  |c 21 cm 
650 7 |a Nureyev, Rudolf  |2 scbi 
700 1 |a Turla, Claudine  |0 IT\ICCU\MODV\662749  |4 trl 
830 0 |a Giralangolo  |0 IT\ICCU\UBO\3223501 
942 |2 ddc  |c BK  |n 0 
952 |0 0  |1 0  |4 0  |6 R_792_802000000000000_DAR  |7 0  |9 20228  |a BO  |b BO  |d 2026-01-15  |i 18938  |l 0  |o R 792.802 DAR  |p BO18938  |r 2026-01-15 23:21:17  |w 2026-01-15  |x [Sebina 5] [1 v.]  |y BK  |z 1 v. 
999 |c 17256  |d 17256